000 00487nam a22001937a 4500
003 MPLRDC
005 20220104183403.0
008 210129b ||||| |||| 00| 0 eng d
020 _a7-5399-2673-5
082 _a413 ZLBR v.2
100 _a中里巴人
245 _a求医不如求己 2
_c
250 _a一版一刷
260 _a中国
_b江苏文艺出版社
_c2007
300 _b
490 _a国医健康绝学系列
650 _a中国医学
942 _cBK
_o413 ZLBR v.2
999 _c62385
_d62375